[Event "AUT-ch Seniors"]
[Site "Wirt im Feld"]
[Date "2015.09.17"]
[Round "5"]
[White "Titz, Herbert"]
[Black "Hammer, Bruno"]
[Result "1-0"]
[WhiteElo "1946"]
[BlackElo "1778"]
[PlyCount "94"]
[EventDate "2015.09.13"]
[EventType "swiss"]
[EventRounds "7"]
[EventCountry "AUT"]
[SourceTitle "EXT 2016"]
[Source "ChessBase"]
[SourceDate "2015.10.08"]
[SourceVersion "1"]
[SourceVersionDate "2015.10.08"]
[SourceQuality "1"]

1. e4 c5 2. Nf3 d6 3. d4 cxd4 4. Nxd4 Nf6 5. Bd3 g6 6. c4 Bg7 7. Nc3 a6 8. 0-0 Nc6 9. Nde2 0-0 10. h3 e6 11. Be3 Ne5 12. f4 Nxd3 13. Qxd3 Qc7 14. Rfd1 Ne8 15. Rac1 b6 16. b3 Bd7 17. Bf2 Bc6 18. a4 Bh6 19. Qe3 Rb8 20. Rc2 f6 21. Qd3 Qb7 22. Nd4 Bd7 23. Bg3 Rf7 24. Kh2 Bg7 25. f5 e5 26. fxg6 hxg6 27. Nf3 Be6 28. Bf2 Rc8 29. Qe3 Rb8 30. Rcd2 Bf8 31. Qe1 Rh7 32. Kg1 g5 33. Nh2 Qc8 34. Rd3 Rbb7 35. Qe2 f5 36. exf5 Bxf5 37. Rg3 Rhg7 38. Nd5 Qd8 39. Ng4 Rg6 40. Nge3 Be6 41. Qd3 Rgg7 42. Rf1 Rbf7 43. Ng4 Bxg4 44. Rxg4 Rb7 45. Be3 Be7 46. Qf5 b5 47. cxb5 axb5 1-0

[Event "AUT-ch Seniors"]
[Site "Wirt im Feld"]
[Date "2015.09.15"]
[Round "3"]
[White "Enzendorfer, Alfred"]
[Black "Hammer, Bruno"]
[Result "1-0"]
[WhiteElo "2110"]
[BlackElo "1778"]
[PlyCount "38"]
[EventDate "2015.09.13"]
[EventType "swiss"]
[EventRounds "7"]
[EventCountry "AUT"]
[SourceTitle "EXT 2016"]
[Source "ChessBase"]
[SourceDate "2015.10.08"]
[SourceVersion "1"]
[SourceVersionDate "2015.10.08"]
[SourceQuality "1"]

1. Nf3 Nf6 2. g3 b6 3. d4 e6 4. Bg2 Bb7 5. c4 Bb4+ 6. Nbd2 d5 7. 0-0 0-0 8. Ne5 c6 9. a3 Be7 10. b4 Qc7 11. Bb2 Nbd7 12. Rc1 Rac8 13. cxd5 exd5 14. Nef3 Rfd8 15. Qc2 Qd6 16. Ng5 Rf8 17. Bh3 g6 18. e4 Rc7 19. Nxf7 Rxf7 1-0